00497cam a22001692 4500001001100000005001700011008004100028020001700069040001500086245008600101250001300187260003100200300001900231650004600250700002800296852000300324000002085620151217152223.0111024s xx 000 0 eng d a0195685848 : aKABUcKABU10aHandbook of international humanitarian law in South Asia /cedited by V. S. Mani. a1st ed. aOxford :bO. U. P.,c2007. axxxii, 262 p. 0aHumanitarian lawzSouth Asia.@00001814771 aMani, V. S.@00001814781